[Event "Daventry 4NCL Easter op-C 2nd"]
[Site "Daventry"]
[Date "2022.04.17"]
[Round "4"]
[White "Loyden, Gary"]
[Black "Jenkins, Theo"]
[Result "0-1"]
[WhiteElo "1526"]
[BlackElo "1598"]
[PlyCount "116"]
[EventDate "2022.04.15"]
[EventType "swiss"]
[EventRounds "7"]
[EventCountry "ENG"]
[SourceTitle "CBM 207 Extra"]
[Source "ChessBase"]
[SourceDate "2022.05.31"]
[SourceVersion "1"]
[SourceVersionDate "2022.05.31"]
[SourceQuality "1"]

1. c4 Nf6 2. Nc3 g6 3. g3 Bg7 4. Bg2 c5 5. e4 Nc6 6. Nge2 0-0 7. d3 d6 8. h3 Bd7 9. 0-0 a6 10. a4 Rb8 11. Be3 Nb4 12. f4 Qc8 13. Kh2 Nc6 14. Qd2 e6 15. a5 Ne7 16. g4 Bc6 17. Ng3 Nd7 18. f5 exf5 19. gxf5 Qc7 20. Nd5 Bxd5 21. cxd5 b5 22. axb6 Qxb6 23. Rab1 Qb4 24. Qxb4 Rxb4 25. b3 Rfb8 26. Bf4 Be5 27. fxg6 hxg6 28. Bxe5 Nxe5 29. Rfd1 Rxb3 30. Rxb3 Rxb3 31. Ra1 Rb6 32. Bf1 f5 33. h4 Rb2+ 34. Kh3 Ng4 35. exf5 gxf5 36. Be2 Nxd5 37. Nxf5 Ngf6 38. Rg1+ Kf8 39. Bf3 Nf4+ 40. Kg3 Nxd3 41. Nxd6 Ne5 42. Rf1 Rb3 43. Kf4 Rxf3+ 44. Rxf3 Nxf3 45. Kxf3 Ke7 46. Ne4 Nd7 47. Ke3 Ke6 48. h5 Kd5 49. Nc3+ Kc4 50. h6 Nf8 51. Kd2 Kb3 52. Nd5 Nh7 53. Kc1 a5 54. Nb6 a4 55. Nxa4 Kxa4 56. Kc2 Kb4 57. Kb2 c4 58. Kc2 c3 0-1

[Event "Daventry 4NCL Easter op-C 2nd"]
[Site "Daventry"]
[Date "2022.04.16"]
[Round "2"]
[White "Lacoult, Maxime"]
[Black "Loyden, Gary"]
[Result "0-1"]
[WhiteElo "1599"]
[BlackElo "1526"]
[PlyCount "44"]
[EventDate "2022.04.15"]
[EventType "swiss"]
[EventRounds "7"]
[EventCountry "ENG"]
[SourceTitle "CBM 207 Extra"]
[Source "ChessBase"]
[SourceDate "2022.05.31"]
[SourceVersion "1"]
[SourceVersionDate "2022.05.31"]
[SourceQuality "1"]

1. b3 Nf6 2. Bb2 d6 3. e3 e5 4. g3 Be7 5. Bg2 Nc6 6. Nc3 0-0 7. Nge2 Rb8 8. f4 exf4 9. Nxf4 Bg4 10. Nce2 Qd7 11. e4 Ne5 12. d4 Nf3+ 13. Kf2 Nxe4+ 14. Ke3 Nfg5 15. Bxe4 Nxe4 16. Kxe4 Qf5+ 17. Ke3 Bg5 18. Kf2 Bxf4 19. gxf4 Rbe8 20. Re1 Qh5 21. Qd3 Qxh2+ 22. Kf1 Bh3+ 0-1